|
|
|
|
| LEADER |
00859cam a2200265 7i4500 |
| 001 |
0000027712 |
| 005 |
20210106090000.0 |
| 008 |
090616 eng |
| 020 |
|
|
|a 0763750263 (pbk.)
|
| 020 |
|
|
|a 9780763750268 (pbk.)
|
| 040 |
|
|
|a OhCoOLI
|
| 090 |
0 |
0 |
|a RT85
|b .P47 2008
|
| 100 |
1 |
|
|a Perrin, Kathleen Ouimet
|
| 245 |
1 |
0 |
|a Quick look nursing :
|b ethics and conflict
|c Kathleen Ouimet Perrin, James McGhee.
|
| 250 |
|
|
|a 2nd ed.
|
| 260 |
|
|
|a Sudbury, MA:
|b Jones and Bartlett Pub.,
|c 2008.
|
| 300 |
|
|
|a xi, 257 p.;
|c 23 cm.
|
| 490 |
0 |
|
|a Quick look nursing
|
| 504 |
|
|
|a Includes bibliographical references and index
|
| 650 |
0 |
0 |
|a Medical ethics
|
| 650 |
0 |
0 |
|a Ethics, Nursing
|
| 650 |
0 |
0 |
|a Nursing ethics
|
| 700 |
1 |
|
|a McGhee, James
|
| 997 |
|
|
|a Health Sciences, Faculty
|
| 999 |
|
|
|a 0000036764
|b BOK
|c OPEN SHELF
|e 1st Floor, Shah Alam
|